<?xml version="1.0" encoding="UTF-8"?>
<record
    xmlns:xsi="http://www.w3.org/2001/XMLSchema-instance"
    xsi:schemaLocation="http://www.loc.gov/MARC21/slim http://www.loc.gov/standards/marcxml/schema/MARC21slim.xsd"
    xmlns="http://www.loc.gov/MARC21/slim">

  <leader>01038nab a2200265 uc4500</leader>
  <controlfield tag="001">802339</controlfield>
  <controlfield tag="005">20240201185046.0</controlfield>
  <controlfield tag="008">030326e20020601                    spa  </controlfield>
  <datafield tag="035" ind1=" " ind2=" ">
    <subfield code="a">802339</subfield>
  </datafield>
  <datafield tag="035" ind1=" " ind2=" ">
    <subfield code="a">(OCoLC)820014951</subfield>
  </datafield>
  <datafield tag="040" ind1=" " ind2=" ">
    <subfield code="c">comduadb</subfield>
  </datafield>
  <datafield tag="041" ind1=" " ind2=" ">
    <subfield code="a">spa</subfield>
  </datafield>
  <datafield tag="100" ind1="1" ind2="0">
    <subfield code="a">Cardona Torres, Sergio Augusto</subfield>
    <subfield code="4">aut</subfield>
    <subfield code="e">aut</subfield>
    <subfield code="9">374909</subfield>
  </datafield>
  <datafield tag="245" ind1="1" ind2="0">
    <subfield code="a">UML. Lenguaje de modelamiento visual para la construccion de modelos</subfield>
  </datafield>
  <datafield tag="650" ind1=" " ind2=" ">
    <subfield code="a">UML (Lenguaje de Modelado Unificado)</subfield>
    <subfield code="9">58980</subfield>
  </datafield>
  <datafield tag="650" ind1=" " ind2=" ">
    <subfield code="a">Construcci&#xF3;n de modelos</subfield>
    <subfield code="9">22298</subfield>
  </datafield>
  <datafield tag="650" ind1=" " ind2=" ">
    <subfield code="a">Soluci&#xF3;n de problemas</subfield>
    <subfield code="9">7911</subfield>
  </datafield>
  <datafield tag="650" ind1=" " ind2="7">
    <subfield code="a">Programaci&#xF3;n orientada a objetos (Computaci&#xF3;n)</subfield>
    <subfield code="2">lemb</subfield>
    <subfield code="9">52347</subfield>
  </datafield>
  <datafield tag="650" ind1=" " ind2="7">
    <subfield code="a">Software</subfield>
    <subfield code="x">Desarrollo</subfield>
    <subfield code="2">embne</subfield>
    <subfield code="9">110717</subfield>
  </datafield>
  <datafield tag="650" ind1=" " ind2=" ">
    <subfield code="a">Complejidad computacional</subfield>
    <subfield code="9">31639</subfield>
  </datafield>
  <datafield tag="650" ind1=" " ind2=" ">
    <subfield code="a">Herencia (Programacion Orientada a Objetos)</subfield>
    <subfield code="9">107924</subfield>
  </datafield>
  <datafield tag="650" ind1=" " ind2=" ">
    <subfield code="a">Polimorfismo (Programacion Orientada a Objetos)</subfield>
    <subfield code="9">107925</subfield>
  </datafield>
  <datafield tag="773" ind1="0" ind2=" ">
    <subfield code="t">Revista Universidad del Quind&#xED;o (Armenia)</subfield>
    <subfield code="g">Vol. 01, No. 08, Ene.-Jun. 2002, p. 57-72</subfield>
    <subfield code="w">184324</subfield>
    <subfield code="x">0121-7917</subfield>
    <subfield code="0">84521</subfield>
  </datafield>
  <datafield tag="942" ind1=" " ind2=" ">
    <subfield code="c">ARIMP</subfield>
  </datafield>
  <datafield tag="999" ind1=" " ind2=" ">
    <subfield code="c">276248</subfield>
    <subfield code="d">276248</subfield>
  </datafield>
</record>
